000 01106nam a2200325 4500
001 0000015995
003 CO-CtgCURN
005 20250329191019.0
007 ta
008 160627s1995 000 0 eng d
020 _a958908284X
040 _aCO-CtgCURN
_bspa
_ccoctgcurn
082 0 _a693.2
_bP76h
110 2 _aPrograma Iberoamericano de Ciencia y Tecnología para el Desarrollo.
245 1 0 _aHabiterra :
_bexposicion americana de construcciones de tierra /
_cPrograma Iberoamericano de Ciencia y Tecnología para el Desarrollo.
260 _aBogotá :
_bEscala,
_c1995.
300 _a227 p.
336 _2rdacontent
337 _2rdamedia
_asin mediacion
_bn
338 _2rdacarrier
_avolumen
_bnc
490 1 _aColección tecnologías para viviendas de interes social
650 1 4 _aArquitectura religiosa.
650 1 4 _aArquitectura colonial.
650 1 4 _aAutoconstrucción.
650 1 4 _aMateriales de construcción.
650 1 4 _aVivienda.
908 _a160627
942 _cBK
_h693.2
_iP76h
_2ddc
999 _c11168
_d11168